Histoire romaine / (Record no. 160664)

MARC details
000 -LEADER
campo de control de longitud fija 00687nam a22002055i 4500
001 - NÚMERO DE CONTROL
campo de control 160664
003 - IDENTIFICADOR DE NÚMERO DE CONTROL
campo de control ES-MaACL
005 - FECHA Y HORA DE LA ÚLTIMA TRANSACCIÓN
campo de control 20230906212112.0
008 - DATOS DE LONGITUD FIJA--INFORMACIÓN GENERAL
campo de control de longitud fija 991215m18301840fr |||| | fre d
040 ## - FUENTE DE CATALOGACIÓN
Centro catalogador/agencia de origen CCPB | B
Lengua de catalogación spa
Centro/agencia transcriptor CCPB | B
100 1# - ENTRADA PRINCIPAL--NOMBRE DE PERSONA
Nombre de persona Niebuhr, Barthold Georg.
9 (RLIN) 130476
245 10 - MENCIÓN DEL TÍTULO
Título Histoire romaine /
Mención de responsabilidad, etc. de B. G. Niebuhr ; traduite de l'allemand par P. A. de Golbéry.
260 ## - PUBLICACIÓN, DISTRIBUCIÓN, ETC.
Lugar de publicación, distribución, etc. Paris :
Nombre del editor, distribuidor, etc. Pitois-Levrault et C\pie\s,
Fecha de publicación, distribución, etc. 1830-1840.
300 ## - DESCRIPCIÓN FÍSICA
Extensión 8 v. ;
Dimensiones 21 cm.
597 ## - NOTA DE DESCRIPCIÓN FÍSICA
NOTA DE DESCRIPCIÓN FÍSICA Vol. 8 es el índice.
651 #4 - PUNTO DE ACCESO ADICIONAL DE MATERIA--NOMBRE GEOGRÁFICO
Nombre geográfico Roma-
Subdivisión general Historia.
9 (RLIN) 9312
700 1# - ENTRADA AGREGADA--NOMBRE PERSONAL
Nombre de persona Golbéry, P. A.
9 (RLIN) 127359
852 ## - LOCALIZACIÓN
Ubicación ES-MaACL
Número de control de estantería F-5711-17
Nota libre -- Enc. hol.
condición física -- Falta el T. VIII
Holdings
Estatus retirado Estado de pérdida Estado de daño No para préstamo Colección Biblioteca de origen Biblioteca actual Ubicación en estantería Fecha de adquisición Fuente de adquisición Total de préstamos Signatura topográfica completa Código de barras Visto por última vez Precio de reemplazo Tipo de ítem Koha
        Libros del s. XIX Biblioteca del Ateneo de Madrid Biblioteca del Ateneo de Madrid Depósito 2 17/01/2008     F-5711-17 1168225 23/02/2023 23/02/2023 Libro impreso antiguo